|
000
|
00861nam0 2200241 450
|
|
001
|
012019000118
|
|
005
|
20190906090335.7
|
|
010
|
|
@a978-7-5598-0995-7@dCNY46.00
|
|
100
|
|
@a20180814d2018 de y0chiy50 ea
|
|
101
|
0
|
@achi
|
|
102
|
|
@aCN@b450000
|
|
105
|
|
@ay z 000yy
|
|
106
|
|
@ar
|
|
200
|
1
|
@a写作课@Axie zuo ke@f叶开著
|
|
210
|
|
@a桂林@c广西师范大学出版社@d2018.8
|
|
215
|
|
@a309页@d21cm
|
|
314
|
|
@a叶开, 本名廖增湖, 文学博士, 《收获》杂志副编审, 小说家、编辑家、语文教育家。
|
|
330
|
|
@a本书共分为自我认识与自由思考、语言与生活的诗意、修改与提升、一个开头的诞生、如何写说理性文章、打破事物与事物之间的藩篱、隐喻、语言的运用与逻辑关系等十讲内容。
|
|
606
|
0
|
@a作文课@Azuo wen ke@x初中@j教学参考资料
|
|
690
|
|
@aG4@v5
|
|
701
|
0
|
@a叶开@Aye kai@4著
|
|
801
|
0
|
@aCN@b湖北三新@c20190906
|
|
905
|
|
@aCDNYKJZYXY@b300600325-7@dG4@e743@f3
|
|
|
|
|
| |
| 写作课/叶开著.-桂林:广西师范大学出版社,2018.8 |
| 309页;21cm |
| |
| |
| ISBN 978-7-5598-0995-7:CNY46.00 |
| 本书共分为自我认识与自由思考、语言与生活的诗意、修改与提升、一个开头的诞生、如何写说理性文章、打破事物与事物之间的藩篱、隐喻、语言的运用与逻辑关系等十讲内容。 |
| ● |
正题名:写作课
索取号:G4/743
 
预约/预借
| 序号
|
登录号
|
条形码
|
馆藏地/架位号
|
状态
|
备注
|
|
1
|
600325
|
300600325
|
柳城-3楼/10架5列4层/
[索取号:G4/743]
|
在馆
|
|
|
2
|
600326
|
300600326
|
柳城-3楼/10架5列4层/
[索取号:G4/743]
|
在馆
|
|
|
3
|
600327
|
300600327
|
柳城-3楼/10架5列4层/
[索取号:G4/743]
|
在馆
|
|